[Event "Open"]
[Site "Pula CRO"]
[Date "2009.06.30"]
[Round "4"]
[White "Loncar,R"]
[Black "Pomaro,A"]
[Result "0-1"]
[WhiteElo "2435"]
[BlackElo "2278"]
[EventDate "2009.06.27"]

1. Nf3 Nf6 2. c4 g6 3. b4 Bg7 4. Bb2 O-O 5. e3 d6 6. d4 e5 7. dxe5 Ng4 8.
Nbd2 Nc6 9. Qb3 Ngxe5 10. b5 Nxf3+ 11. Nxf3 Ne5 12. Nxe5 Bxe5 13. Bxe5 dxe5
14. Be2 Qe7 15. O-O a5 16. Qc3 Qc5 17. Bf3 c6 18. a4 Be6 19. Rfc1 f5 20.
bxc6 bxc6 21. Rab1 Rab8 22. h4 Rb4 23. Rxb4 axb4 24. Qb2 Rb8 25. Bd1 Rd8
26. h5 Kf7 27. h6 Kf6 28. Bb3 Kg5 29. Ra1 Ra8 30. Rd1 Kxh6 31. Qd2 Bf7 32.
e4+ f4 33. g3 Qe7 34. gxf4 exf4 35. Qxf4+ Qg5+ 36. Qxg5+ Kxg5 37. f4+ Kg4
38. Rd6 c5 39. Bd1+ Kh4 40. Bb3 Be8 41. Rd5 Bxa4 42. Bxa4 Rxa4 43. Rxc5 Kg3
44. Kf1 b3 45. Rb5 Rxc4 46. f5 Rc3 47. Ke2 Kf4 48. Kd2 Re3 49. f6 Rxe4 50.
Rxb3 Re8 51. Rb7 h5 52. Rb6 Kg5 53. Kd3 Rf8 54. Ke4 Rxf6 55. Rb1 h4 56.
Rg1+ Kh5 57. Ke3 g5 58. Rh1 g4 59. Ra1 h3 60. Ra8 Kh4 0-1

[Event "Open"]
[Site "Pula CRO"]
[Date "2009.06.30"]
[Round "4"]
[White "Zierke,O"]
[Black "Rukavina,J"]
[Result "1/2-1/2"]
[WhiteElo "2306"]
[BlackElo "2423"]
[EventDate "2009.06.27"]

1. d4 d6 2. c4 g6 3. e4 Bg7 4. Nc3 e5 5. dxe5 dxe5 6. Qxd8+ Kxd8 7. f4 Nd7
8. Nf3 c6 9. Be2 Ke8 10. fxe5 Nxe5 11. Bf4 f6 12. Rd1 Nh6 13. Nxe5 fxe5 14.
Bg3 Nf7 15. O-O Be6 16. Bh4 Rf8 17. b4 Nd8 18. b5 Rxf1+ 19. Kxf1 Bf8 20.
Bf6 Nf7 21. bxc6 bxc6 22. Rb1 Nd6 23. c5 Nc4 24. Rb7 Bxc5 25. Rxh7 Ne3+ 26.
Ke1 Nxg2+ 27. Kd2 Bd6 28. Rh8+ Bf8 29. Bxe5 Rd8+ 30. Kc1 Ne3 31. Bf6 Rd7
32. e5 Kf7 33. Rh7+ Ke8 34. Rh8 Kf7 35. Rh7+ Ke8 36. Rh8 Kf7 1/2-1/2

[Event "Open"]
[Site "Pula CRO"]
[Date "2009.06.30"]
[Round "4"]
[White "Franic,M"]
[Black "Dimitrijevic,Da"]
[Result "1-0"]
[WhiteElo "2421"]
[BlackElo "2256"]
[EventDate "2009.06.27"]

1. d4 f5 2. g3 Nf6 3. Bg2 d5 4. Nf3 c6 5. O-O Be6 6. b3 Nbd7 7. Ba3 g6 8.
Nbd2 Bh6 9. e3 Qa5 10. Qc1 g5 11. c4 g4 12. Ne1 Ne4 13. b4 Qa4 14. cxd5
cxd5 15. Nb1 O-O 16. Nd3 b6 17. Nb2 Qb5 18. Nc3 Qa6 19. Nbd1 Ndf6 20. b5
Qb7 21. Qb2 Rfc8 22. Bb4 Qd7 23. a4 Ne8 24. h3 gxh3 25. Bxh3 N8d6 26. Qe2
Bg7 27. Rc1 Kh8 28. Bg2 Bf7 29. Nb2 Qe6 30. Nd3 Qh6 31. Nf4 Nxc3 32. Rxc3
Rxc3 33. Bxc3 Ne4 34. Bb4 Bf6 35. Rc1 Qf8 36. Bh3 Rc8 37. Rc2 Nd6 38. Bxd6
exd6 39. Bxf5 Rc4 40. Bd3 Qc8 41. Bxc4 dxc4 42. Qf3 Qf5 43. e4 Qg5 44. Qe3
Kg7 45. Nd5 1-0

[Event "Open"]
[Site "Pula CRO"]
[Date "2009.06.30"]
[Round "4"]
[White "Zelcic,R"]
[Black "Sevo,I"]
[Result "1/2-1/2"]
[WhiteElo "2555"]
[BlackElo "2234"]
[EventDate "2009.06.27"]

1. e4 c5 2. Nf3 d6 3. d4 cxd4 4. Nxd4 Nf6 5. Nc3 a6 6. a4 e5 7. Nf3 Bg4 8.
h3 Bh5 9. Qe2 Bg6 10. g4 Nbd7 11. h4 h6 12. h5 Bh7 13. g5 hxg5 14. Bxg5 Be7
15. Nd2 d5 16. exd5 Nxd5 17. Bxe7 Nxc3 18. Bxd8 Nxe2 19. Bxe2 Rxd8 20. Nc4
Bxc2 21. O-O Ke7 22. Ra3 f6 23. Bf3 Nc5 24. Rc1 Be4 25. Nxe5 fxe5 26. Rxc5
Bxf3 27. Rxf3 Kd6 28. Rcc3 e4 29. Rf5 b6 30. Rg5 Rh6 31. Rxg7 Rxh5 32. Rg6+
Kd5 33. Rxb6 Rd6 34. Rcb3 Rhh6 35. a5 Kc5 36. Rc3+ Kd5 37. Rxd6+ Kxd6 38.
Kg2 Rh5 39. b4 Rb5 40. Rh3 Rxb4 41. Rh6+ Kd5 42. Rxa6 Rb2 43. Rb6 Ra2 44.
Rb5+ Kc4 45. Re5 Kd4 46. Re8 Rxa5 47. Rh8 1/2-1/2

[Event "Open"]
[Site "Pula CRO"]
[Date "2009.06.30"]
[Round "4"]
[White "Papp,Ga"]
[Black "Medic,Milj"]
[Result "1-0"]
[WhiteElo "2524"]
[BlackElo "2244"]
[EventDate "2009.06.27"]

1. e4 d6 2. d4 Nf6 3. Nc3 g6 4. f4 Bg7 5. Nf3 c5 6. dxc5 Qa5 7. Qd4 Nc6 8.
Bb5 dxc5 9. Qa4 Qxa4 10. Bxa4 Bd7 11. e5 Ng4 12. h3 Nh6 13. Be3 f6 14. exf6
exf6 15. Bxc5 O-O-O 16. O-O-O b6 17. Bf2 Nf5 18. g4 Nfe7 19. Ne4 Kc7 20. g5
fxg5 21. fxg5 Rhf8 22. Bg3+ Kb7 23. Nfd2 Nd4 24. Bd6 Rf7 25. Bxd7 Rxd7 26.
c3 Ne2+ 27. Kb1 Nc8 28. Nc4 Kc6 29. Be5 Rd5 30. Nf6 Rc5 31. Rd8 Kb5 32. b3
Re7 33. Kb2 Rcxe5 34. Nxe5 Rxe5 35. Rxc8 Rxg5 36. Rf1 Rg2 37. a4+ Ka6 38.
Ka3 Bh6 39. Nd5 Nc1 40. Nb4+ Kb7 41. Rh8 1-0

[Event "Open"]
[Site "Pula CRO"]
[Date "2009.06.30"]
[Round "4"]
[White "Aschenbrenner,R"]
[Black "Tratar,M"]
[Result "0-1"]
[WhiteElo "2241"]
[BlackElo "2488"]
[EventDate "2009.06.27"]

1. e4 c5 2. Nc3 a6 3. Bc4 e6 4. d3 b5 5. Bb3 Bb7 6. Nf3 Nc6 7. O-O Na5 8.
Ng5 h6 9. Nh3 Rc8 10. Bd2 c4 11. dxc4 Nxc4 12. Bxc4 Rxc4 13. f3 Qc7 14. Rc1
Bd6 15. Kh1 Nf6 16. b3 Rc6 17. Qe1 O-O 18. f4 Ba3 19. Rd1 b4 20. Nb1 Rxc2
21. Nf2 Rxa2 22. e5 Qc6 23. Rg1 Ne4 24. Nxe4 Qxe4 25. Qg3 Bd5 26. f5 Qxf5
27. Rdf1 Qg6 28. Qh3 Rb2 0-1

[Event "Open"]
[Site "Pula CRO"]
[Date "2009.06.30"]
[Round "4"]
[White "Fercec,N"]
[Black "Jelica,M"]
[Result "1-0"]
[WhiteElo "2478"]
[BlackElo "2228"]
[EventDate "2009.06.27"]

1. e4 c5 2. Nf3 d6 3. d4 cxd4 4. Nxd4 Nf6 5. Nc3 Bd7 6. Bg5 e6 7. Qd2 a6 8.
O-O-O h6 9. Bxf6 Qxf6 10. f4 Nc6 11. Nf3 Qd8 12. Qe3 Qa5 13. Kb1 O-O-O 14.
Bc4 Qc5 15. Qe2 b5 16. Bb3 Na5 17. a4 Kc7 18. Rd3 Rb8 19. Rhd1 Bc6 20. Nd4
Qb6 21. Nxc6 Nxc6 22. e5 bxa4 23. exd6+ Kd7 24. Nxa4 Qb5 25. Qe3 g6 26.
Bxe6+ fxe6 27. Nc5+ Kd8 28. Nxe6+ Kd7 29. Nc5+ Kd8 30. Rb3 Qc4 31. Ne6+ Kd7
32. Rxb8 Nxb8 33. Nxf8+ Kc6 34. Nxg6 1-0

[Event "Open"]
[Site "Pula CRO"]
[Date "2009.06.30"]
[Round "4"]
[White "Schmidt Schaeffer,S"]
[Black "Frouth,N"]
[Result "1/2-1/2"]
[WhiteElo "2382"]
[BlackElo "2200"]
[EventDate "2009.06.27"]

1. f4 e5 2. fxe5 d6 3. exd6 Bxd6 4. Nf3 g5 5. g3 g4 6. Nh4 Ne7 7. d4 Ng6 8.
Nxg6 hxg6 9. Qd3 Nc6 10. c3 Bf5 11. e4 Qe7 12. Bg2 O-O-O 13. Be3 Bd7 14.
Bf2 f5 15. Nd2 fxe4 16. Nxe4 Bf5 17. O-O-O Rhe8 18. Rhe1 Qf7 19. Nxd6+ cxd6
20. Qb5 Qxa2 21. Kd2 a6 22. Bd5 axb5 23. Bxa2 Rxe1 24. Rxe1 d5 25. Be3 Be4
26. b4 Rh8 27. Re2 Kd7 28. Bb3 Ra8 29. Rf2 Ra3 30. Bd1 Ra2+ 31. Ke1 Ra1 32.
Kd2 Ra2+ 33. Ke1 Ra1 34. Kd2 Ra2+ 1/2-1/2

[Event "Open"]
[Site "Pula CRO"]
[Date "2009.06.30"]
[Round "4"]
[White "Pandurevic,M"]
[Black "Feletar,D"]
[Result "1/2-1/2"]
[WhiteElo "2226"]
[BlackElo "2382"]
[EventDate "2009.06.27"]

1. c4 e5 2. Nc3 Nc6 3. g3 f5 4. Bg2 Nf6 5. d3 Bb4 6. Bd2 O-O 7. a3 Bxc3 8.
Bxc3 d6 9. b4 Qe8 10. b5 Nd8 11. Nf3 Qh5 12. c5 e4 13. Bxf6 Rxf6 14. Nd2
exd3 15. Qb3+ Ne6 16. Bf3 Qf7 17. c6 b6 18. Qxd3 a6 19. Bd5 Kh8 20. Nf3 Qf8
21. O-O Nc5 22. Qc4 axb5 23. Qxb5 Be6 24. Bxe6 Rxe6 25. Nd4 Re5 26. e3 Ne6
27. Qd3 Nc5 28. Qc2 Qf7 29. a4 Ra5 30. h4 Re4 31. Rfd1 Qf6 32. Nb5 Qf7 33.
Nd4 Qf6 34. Nb5 Qf7 1/2-1/2

[Event "Open"]
[Site "Pula CRO"]
[Date "2009.06.30"]
[Round "4"]
[White "Biti,O"]
[Black "Maleki,N"]
[Result "1-0"]
[WhiteElo "2356"]
[BlackElo "2175"]
[EventDate "2009.06.27"]

1. e4 c6 2. d4 d5 3. e5 Bf5 4. Nf3 e6 5. a3 h6 6. Nbd2 Nd7 7. Be2 Ne7 8.
O-O Bh7 9. Nb3 Nf5 10. c4 dxc4 11. Bxc4 Ne7 12. Qe2 Nd5 13. Bd2 N7b6 14.
Bd3 Bxd3 15. Qxd3 Be7 16. Rac1 g5 17. g3 g4 18. Ne1 h5 19. Qe2 Na4 20. Na5
Qb6 21. b4 Rb8 22. Qe4 Kd7 23. Nd3 Qb5 24. Rc2 h4 25. Rfc1 Rh5 26. Nc4 Rbh8
27. Nd6 Bxd6 28. exd6 hxg3 29. Ne5+ Rxe5 30. dxe5 gxf2+ 31. Kg2 Rxh2+ 32.
Kxh2 f1=Q 33. Rxf1 Qxf1 34. Qxg4 Qd3 35. Qh5 Ke8 36. d7+ Kxd7 37. Qxf7+ Ne7
38. Ra2 Qd5 39. Rc2 Qd3 40. Ra2 Qe2+ 41. Kg3 Qc4 42. Bg5 Qc3+ 43. Kh4 Qe1+
44. Kh5 Qh1+ 45. Bh4 Qd1+ 46. Kh6 Qc1+ 47. Bg5 Qh1+ 48. Kg7 1-0

[Event "Open"]
[Site "Pula CRO"]
[Date "2009.06.30"]
[Round "4"]
[White "Van Leent,D"]
[Black "Brumen,D"]
[Result "0-1"]
[WhiteElo "2201"]
[BlackElo "2355"]
[EventDate "2009.06.27"]

1. e4 c5 2. Nc3 d6 3. g3 Nc6 4. Bg2 g6 5. d3 Bg7 6. f4 Nf6 7. Nf3 O-O 8.
O-O Rb8 9. Kh1 b5 10. h3 b4 11. Ne2 a5 12. c3 c4 13. Nfd4 Bb7 14. Be3 Qc8
15. Rc1 cxd3 16. Qxd3 bxc3 17. Rxc3 Nb4 18. Qb1 Qd7 19. Rd1 Bxe4 20. Bxe4
Qxh3+ 21. Kg1 Nxa2 22. Rc7 Ng4 23. Qd3 Rxb2 24. Bg2 Qh2+ 25. Kf1 Nb4 26.
Qe4 Nd5 27. Bg1 Nge3+ 28. Bxe3 Nxc7 29. g4 Qh4 30. g5 e5 31. Nc6 exf4 32.
Ne7+ Kh8 33. Bd4 Rb4 34. Nc6 Re8 35. Qc2 Bxd4 36. Nexd4 Rb6 37. Nxa5 Ne6
38. Qc3 Kg8 39. Nc4 Ra6 40. Nf3 Qg4 41. Rxd6 Ra2 42. Rd2 Rxd2 43. Ncxd2
Nxg5 44. Nxg5 Qxg5 45. Ne4 Qb5+ 46. Kg1 Qe5 47. Nf6+ Kh8 48. Qc6 Re6 49.
Qc8+ Kg7 50. Nd7 Qe1+ 51. Bf1 Qb4 0-1

[Event "Open"]
[Site "Pula CRO"]
[Date "2009.06.30"]
[Round "4"]
[White "Medic,Mir"]
[Black "Antunovic,I"]
[Result "1-0"]
[WhiteElo "2313"]
[BlackElo "2117"]
[EventDate "2009.06.27"]

1. d4 Nf6 2. c4 g6 3. g3 Bg7 4. Bg2 O-O 5. Nf3 d6 6. O-O Nbd7 7. Nc3 c5 8.
d5 a6 9. Re1 Rb8 10. a4 Ne8 11. e4 Nc7 12. Bf1 b5 13. axb5 axb5 14. Nxb5
Nxb5 15. cxb5 Ne5 16. Nxe5 Bxe5 17. Re3 Bd4 18. Rd3 Bd7 19. Rb3 f5 20. exf5
Bxf5 21. Be3 Bg7 22. Ra7 Be4 23. Bh3 Bf5 24. Bg2 Kh8 25. Bg5 c4 26. Rb4 Bd3
27. Be3 Rb6 28. Bf1 Bxf1 29. Qxf1 Qb8 30. Rxe7 Rxb5 31. Rxc4 Rb7 32. Re6
Rxb2 33. Qd3 Rb1+ 34. Kg2 Qb2 35. Rc7 Qb3 36. Qxb3 Rxb3 37. Ree7 Be5 38.
Rxh7+ Kg8 39. Rh6 Bg7 40. Rxg6 1-0

[Event "Open"]
[Site "Pula CRO"]
[Date "2009.06.30"]
[Round "4"]
[White "Frank,D"]
[Black "Cela,S"]
[Result "1/2-1/2"]
[WhiteElo "2122"]
[BlackElo "2304"]
[EventDate "2009.06.27"]

1. e4 c5 2. c3 d5 3. exd5 Qxd5 4. d4 Nf6 5. Nf3 Nc6 6. dxc5 Qxc5 7. Be3 Qa5
8. Na3 e6 9. Nc4 Qc7 10. a4 b6 11. Nd4 Nxd4 12. Qxd4 Bc5 13. Qf4 Qxf4 14.
Bxf4 O-O 15. Bd6 Bxd6 16. Nxd6 Bd7 17. Bb5 Rfd8 18. Ke2 1/2-1/2

[Event "Open"]
[Site "Pula CRO"]
[Date "2009.06.30"]
[Round "4"]
[White "Ganauser,E"]
[Black "Fucak,E"]
[Result "0-1"]
[WhiteElo "2088"]
[BlackElo "2272"]
[EventDate "2009.06.27"]

1. c4 e6 2. b3 d5 3. e3 c5 4. cxd5 exd5 5. d4 cxd4 6. Bb5+ Nc6 7. Qxd4 Nf6
8. Nc3 Bd6 9. Nge2 O-O 10. Qd1 a6 11. Bd3 Bg4 12. h3 Be6 13. O-O Rc8 14.
Bb2 Bb8 15. h4 Qc7 16. g3 Rfd8 17. Nf4 d4 18. Nxe6 fxe6 19. exd4 Nxd4 20.
Rc1 Qd6 21. Ne4 Rxc1 22. Nxf6+ gxf6 23. Qg4+ Kh8 24. Rxc1 Ba7 25. Bxd4 Bxd4
26. Qf3 f5 27. Kg2 Bxf2 28. Bxf5 Bxg3 29. Qxg3 exf5 30. Qxd6 Rxd6 31. Kf3
Rd2 32. Kf4 Rxa2 33. Kxf5 Rf2+ 34. Ke6 b5 35. Ra1 Rh2 36. Rxa6 Rxh4 37. Kd5
Rb4 38. Ra3 Rg4 39. Kc5 b4 40. Ra7 h5 41. Kb5 h4 42. Ra2 Kg7 43. Kc5 Kf6
44. Kd5 Kf5 0-1

[Event "Open"]
[Site "Pula CRO"]
[Date "2009.06.30"]
[Round "4"]
[White "Saradjen,J"]
[Black "Jankovic,A"]
[Result "0-1"]
[WhiteElo "2128"]
[BlackElo "2540"]
[EventDate "2009.06.27"]

1. g3 g6 2. Bg2 d5 3. d3 Bg7 4. Nc3 Nf6 5. Bd2 c6 6. Rb1 e5 7. e4 Be6 8. a3
O-O 9. Nf3 Qd6 10. O-O h6 11. d4 Nxe4 12. Nxe4 dxe4 13. Bb4 Qc7 14. Nd2 Rd8
15. dxe5 Bxe5 16. Bxe4 Ba2 17. Ra1 Bc4 18. Nxc4 Rxd1 19. Raxd1 Na6 20. Ba5
Qe7 21. Rfe1 Qc5 22. Bd3 Bxb2 23. Bd2 Bg7 24. Re2 Qd5 25. Rde1 Nc5 26. Ne3
Qf3 27. Bc4 Ne4 28. Bc1 b5 29. Bb3 Bc3 0-1

[Event "Open"]
[Site "Pula CRO"]
[Date "2009.06.30"]
[Round "4"]
[White "Tomazini,Z"]
[Black "Drazic,S"]
[Result "0-1"]
[WhiteElo "2123"]
[BlackElo "2533"]
[EventDate "2009.06.27"]

1. e4 c5 2. c3 a6 3. d4 cxd4 4. cxd4 d5 5. exd5 Nf6 6. Nc3 Nxd5 7. Bc4 e6
8. Nf3 Nc6 9. O-O Be7 10. Ne5 Nxc3 11. bxc3 Nxe5 12. dxe5 Qc7 13. Qe2 Bd7
14. Bd3 Qxc3 15. Bb2 Qb4 16. Rab1 Bc6 17. Rfc1 Rd8 18. Bc3 Qa4 19. Bc2 Qf4
20. Rd1 O-O 21. Bd2 Qh4 22. Rb3 Bb5 23. Qe1 g6 24. Be4 Bg5 25. Rh3 Bxd2 26.
Rxd2 Qf4 27. Rc2 Qxe4 28. Qc1 Qxe5 29. Re3 Qd5 30. Re1 Rd6 0-1

[Event "Open"]
[Site "Pula CRO"]
[Date "2009.06.30"]
[Round "4"]
[White "Saric,A"]
[Black "Jelecevic,I"]
[Result "1-0"]
[WhiteElo "2502"]
[BlackElo "2123"]
[EventDate "2009.06.27"]

1. Nf3 Nf6 2. c4 c6 3. d4 d5 4. e3 e6 5. Bd3 Nbd7 6. O-O dxc4 7. Bxc4 b5 8.
Be2 a6 9. a4 b4 10. Nbd2 c5 11. e4 cxd4 12. e5 Nd5 13. Ne4 Be7 14. Qxd4 Qb6
15. Qxb6 N7xb6 16. a5 Nd7 17. Bd2 Nc5 18. Nxc5 Bxc5 19. Rfc1 Ba7 20. Ne1
Bd7 21. Bxa6 Bxf2+ 22. Kxf2 Rxa6 23. Nd3 O-O 24. Bxb4 Rc8 25. Rxc8+ Bxc8
26. Bd6 Rc6 27. Nc5 f6 28. a6 Nb6 29. b4 fxe5 30. Bxe5 Na8 31. Rd1 1-0

[Event "Open"]
[Site "Pula CRO"]
[Date "2009.06.30"]
[Round "4"]
[White "Logar,M"]
[Black "Zivkovic,Vj"]
[Result "0-1"]
[WhiteElo "2111"]
[BlackElo "2413"]
[EventDate "2009.06.27"]

1. d4 Nf6 2. Nf3 g6 3. Bf4 d6 4. e3 Nh5 5. Nbd2 Nxf4 6. exf4 Bg7 7. Bc4 O-O
8. O-O c5 9. c3 cxd4 10. Nxd4 Nc6 11. N2f3 Bg4 12. Qd2 e5 13. Nxc6 bxc6 14.
Be2 Bh6 15. Rad1 Bxf4 16. Qc2 Qc7 17. Rfe1 Rad8 18. c4 f5 19. h3 Bxf3 20.
Bxf3 e4 21. Be2 Qb6 22. b3 Qc5 23. Qc3 a5 24. a4 d5 0-1

[Event "Open"]
[Site "Pula CRO"]
[Date "2009.06.30"]
[Round "4"]
[White "Tomic,Bor"]
[Black "Nester,I"]
[Result "0-1"]
[WhiteElo "2104"]
[BlackElo "2390"]
[EventDate "2009.06.27"]

1. d4 d5 2. Nf3 Nf6 3. c4 dxc4 4. Nc3 a6 5. a4 e6 6. e3 c5 7. Bxc4 Be7 8.
O-O Nc6 9. Qe2 cxd4 10. Rd1 O-O 11. exd4 Nb4 12. Bg5 Nfd5 13. Bxe7 Nxe7 14.
Qe4 Ned5 15. Bxd5 Nxd5 16. Nxd5 exd5 17. Qf4 a5 18. Re1 Ra6 19. Re5 Rb6 20.
Qd2 Rb4 21. h3 f6 22. Re3 Qb6 23. b3 Bf5 24. Rc1 Be4 25. Rc5 Rxb3 26. Qxa5
Rb1+ 27. Ne1 Qxa5 28. Rxa5 b6 29. Ra7 Rd1 30. f3 Bg6 31. Ree7 Re8 32. Kf2
Rxe7 33. Rxe7 Rxd4 34. Rb7 Rb4 35. Ke2 Rb2+ 36. Kd1 Kf8 37. a5 Rb1+ 38. Kd2
bxa5 0-1

[Event "Open"]
[Site "Pula CRO"]
[Date "2009.06.30"]
[Round "4"]
[White "Csonka,A1"]
[Black "Stocko,J"]
[Result "0-1"]
[WhiteElo "2327"]
[BlackElo "2100"]
[EventDate "2009.06.27"]

1. e4 c5 2. Nf3 d6 3. d4 cxd4 4. Qxd4 Nc6 5. Bb5 Bd7 6. Bxc6 Bxc6 7. Nc3 e5
8. Qd3 Nf6 9. O-O Be7 10. Bg5 Nh5 11. Bxe7 Qxe7 12. Nb5 Bxb5 13. Qxb5+ Qd7
14. a4 Nf6 15. Qb4 a5 16. Qc4 Qc6 17. Qxc6+ bxc6 18. Rfe1 Nd7 19. Rad1 Ke7
20. Re3 Rhd8 21. b3 f6 22. Rc3 Rac8 23. h4 Ke6 24. h5 d5 25. Nd2 g6 26. Re1
f5 27. exf5+ gxf5 28. Nf3 Kf6 29. Rce3 f4 30. Rxe5 Nxe5 31. Nxe5 Re8 32.
Nd7+ Kf5 33. Rd1 Re2 34. c3 Rce8 35. Rd3 Re1+ 36. Kh2 R8e2 37. Rf3 Re7 38.
Nc5 Kg4 39. Nd3 R1e4 40. Rh3 Kg5 41. Rf3 Rf7 42. Nc5 Re2 43. Nd3 Kg4 44. b4
axb4 45. cxb4 Rf5 46. Rh3 Ra2 47. b5 Rxa4 48. bxc6 Rc4 49. g3 fxg3+ 50.
Rxg3+ Kxh5 51. f4 Rc2+ 52. Kg1 Rxc6 53. Kf2 Kh6 54. Kf3 Rg6 55. Rh3+ Rh5
56. Rxh5+ Kxh5 57. f5 Rd6 58. Kf4 Rd8 59. Ke5 Kg4 60. f6 h5 61. Nf4 h4 62.
Nxd5 h3 63. f7 h2 64. Nf6+ Kh4 0-1

[Event "Open"]
[Site "Pula CRO"]
[Date "2009.06.30"]
[Round "5"]
[White "Sebenik,M"]
[Black "Franic,M"]
[Result "1-0"]
[WhiteElo "2482"]
[BlackElo "2421"]
[EventDate "2009.06.27"]

1. d4 Nf6 2. c4 e6 3. g3 Bb4+ 4. Bd2 a5 5. Bg2 d5 6. Nf3 dxc4 7. O-O b5 8.
a4 c6 9. axb5 Bxd2 10. Qxd2 cxb5 11. Qg5 Ba6 12. Ne5 h6 13. Qxg7 Rh7 14.
Nxf7 Qxd4 15. Nd6+ Qxd6 16. Qxf6 Raa7 17. Nc3 Raf7 18. Qg6 Nd7 19. Rfd1 Qb6
20. Ne4 Ke7 21. Rd6 Qxd6 22. Nxd6 Kxd6 23. Qe4 Nb8 1-0

[Event "Open"]
[Site "Pula CRO"]
[Date "2009.06.30"]
[Round "5"]
[White "Doric,N"]
[Black "Papp,Ga"]
[Result "0-1"]
[WhiteElo "2344"]
[BlackElo "2524"]
[EventDate "2009.06.27"]

1. e4 c5 2. c3 d5 3. exd5 Qxd5 4. d4 Nf6 5. Nf3 e6 6. Na3 a6 7. Nc4 Nbd7 8.
a4 cxd4 9. Qxd4 Bc5 10. Qxd5 Nxd5 11. Nfe5 O-O 12. Be2 Ba7 13. Nxd7 Bxd7
14. Ne5 Be8 15. a5 f6 16. Nc4 Bc6 17. O-O Rad8 18. Re1 Kf7 19. Bf3 Rd7 20.
Be3 Nxe3 21. Bxc6 Rc7 22. Nxe3 Rxc6 23. Red1 Ke7 24. Kf1 Rd8 25. Rxd8 Kxd8
26. Ke2 h5 27. Rd1+ Ke7 28. Rd3 g5 29. b3 g4 30. Nc4 Rc5 31. Nd6 Rc7 32. b4
Bb8 33. Ne4 f5 34. Nd2 Rc8 35. h3 Bd6 36. hxg4 hxg4 37. f3 g3 38. Nf1 Bf4
39. Ne3 Rh8 40. Rd4 Be5 41. Rd3 Rh2 42. f4 Bxf4 43. Kf3 Bc7 44. Nf1 Rh1 45.
Nxg3 Bxg3 46. Kxg3 Rc1 47. Re3 Kf6 48. Rd3 Rc2 49. Kf3 e5 50. Rd6+ Kg5 51.
Rb6 Rxc3+ 52. Kf2 Rc2+ 53. Kf1 Kf4 54. Rxb7 Ke3 55. Kg1 e4 56. b5 axb5 57.
Rxb5 Rc1+ 58. Kh2 f4 59. Rb3+ Kd2 60. Ra3 e3 61. Ra2+ 0-1

[Event "Open"]
[Site "Pula CRO"]
[Date "2009.06.30"]
[Round "5"]
[White "Cvitan,O"]
[Black "Gergacz,A"]
[Result "1/2-1/2"]
[WhiteElo "2523"]
[BlackElo "2323"]
[EventDate "2009.06.27"]

1. c4 Nf6 2. Nc3 e5 3. Nf3 Nc6 4. g3 Bc5 5. Bg2 O-O 6. O-O Re8 7. d3 h6 8.
a3 a5 9. e3 Bf8 10. d4 exd4 11. Nxd4 Nxd4 12. Qxd4 g6 13. b3 Bg7 14. Bb2
Ne4 15. Qd3 Nxc3 16. Bxc3 Bxc3 17. Qxc3 Ra6 18. b4 Qf6 19. Qxf6 Rxf6 20.
Rfd1 axb4 21. axb4 Ra6 22. c5 Rxa1 23. Rxa1 Kf8 24. Kf1 Ke7 25. Ke2 d6 26.
Ra7 dxc5 27. bxc5 Kd7 28. f4 c6 29. e4 Kc7 30. Ke3 Rd8 31. Bf3 Be6 32. Be2
f5 33. e5 g5 34. Ra1 g4 35. h3 gxh3 36. Rh1 Ra8 37. Rxh3 Ra3+ 38. Kd4 Ra4+
39. Ke3 Ra3+ 40. Kf2 Ra2 41. Ke3 1/2-1/2

[Event "Open"]
[Site "Pula CRO"]
[Date "2009.06.30"]
[Round "5"]
[White "Tratar,M"]
[Black "Schachinger,M"]
[Result "1/2-1/2"]
[WhiteElo "2488"]
[BlackElo "2350"]
[EventDate "2009.06.27"]

1. d4 d5 2. c4 c6 3. Nf3 Nf6 4. e3 e6 5. b3 Bb4+ 6. Nbd2 Nbd7 7. Bb2 b6 8.
Bd3 Bb7 9. O-O O-O 10. a3 Be7 11. b4 c5 12. dxc5 bxc5 13. b5 a6 14. a4 axb5
15. axb5 Rxa1 16. Bxa1 Qc7 17. Qc2 Bd6 18. Re1 Re8 19. Bxf6 Nxf6 20. e4
dxe4 21. Nxe4 Bxe4 22. Bxe4 g6 23. Bc6 Rb8 24. Qc3 Nh5 25. g3 Ng7 26. Ne5
Rd8 27. Ng4 Be7 28. Nf6+ Bxf6 29. Qxf6 Nf5 30. Ra1 Nd4 31. Bg2 Nc2 32. Ra2
Nb4 33. Ra1 Nc2 34. Qxd8+ Qxd8 35. Ra8 Qxa8 36. Bxa8 f5 37. Kf1 Kf8 38. Ke2
Ke7 39. f4 Kd6 40. Kd3 Nd4 41. Bg2 e5 42. fxe5+ Kxe5 43. Ke3 g5 44. Bb7 h6
45. Ba8 Kd6 46. Kd3 Ne6 47. Bd5 Nd4 48. Bg2 Kc7 49. h3 Kd6 50. Ba8 Ne6 51.
Bd5 Nd4 52. Bg2 Kc7 53. Bd5 1/2-1/2

[Event "Open"]
[Site "Pula CRO"]
[Date "2009.06.30"]
[Round "5"]
[White "Brumen,D"]
[Black "Guenthner,O"]
[Result "1/2-1/2"]
[WhiteElo "2355"]
[BlackElo "2248"]
[EventDate "2009.06.27"]

1. d4 d5 2. c4 Bf5 3. cxd5 Bxb1 4. Qa4+ c6 5. Rxb1 Qxd5 6. Nf3 Nd7 7. Bd2
Nb6 8. Qb3 Qxb3 9. axb3 Nf6 10. e3 e6 11. Bd3 Nbd5 12. O-O Nb4 13. Bc4 Be7
14. Ne5 Ne4 15. Be1 O-O 16. f3 Nf6 17. g4 Rfd8 18. Bf2 Nd7 19. Nxd7 Rxd7
20. e4 Nc2 21. Rfd1 Bg5 22. d5 exd5 23. exd5 Rad8 24. Bxa7 Be3+ 25. Bxe3
Nxe3 26. Rd3 Nxd5 27. Rbd1 Nb6 28. Kf2 Kf8 29. h4 h6 30. Rxd7 Rxd7 31. Rxd7
Nxd7 32. f4 f6 33. Ke3 Ke7 34. Ke4 b5 35. Bg8 Kf8 36. Be6 Nc5+ 37. Kf5 Ke7
38. Bg8 Nd3 39. Ke4 Nc5+ 40. Kd4 Kd6 41. g5 hxg5 42. fxg5 fxg5 43. hxg5 Na6
44. Ke4 Nc5+ 45. Kd4 Nd7 46. b4 Nb8 47. Bf7 Na6 48. Kc3 Ke7 49. Bh5 Kd6 50.
Bf7 Ke5 51. Be8 Kd5 52. Bf7+ Kd6 53. Bg8 Ke5 54. g6 Nc7 55. Bf7 Nd5+ 56.
Kb3 Kd4 57. Be8 Ne7 58. Ka3 Kd5 59. Kb3 Nf5 60. Kc3 Nd6 61. Bd7 Ne4+ 62.
Kd3 Nf6 63. Bh3 Ke5 64. Kc3 Nd5+ 65. Kb3 Nf4 66. Bd7 Kd6 67. Be8 Nd3 68.
Kc3 Ne5 69. Kd4 Nc4 70. Kc3 Ne3 71. Bf7 Ke5 72. Be8 Nd5+ 73. Kb3 Kd6 74.
Bf7 Ne3 75. Kc3 Nd1+ 76. Kc2 Nf2 77. Kc3 Ng4 78. Kd4 Nh6 79. Be8 Nf5+ 80.
Kc3 Kc7 81. Bf7 Kd7 82. Kd3 Ke7 83. Kc3 Kd6 84. Be8 Kc7 85. Kd3 Nd6 86. Bf7
Kd7 87. Bb3 Ne8 88. Kd4 Nc7 89. Bf7 Kd6 90. Kc3 Ke5 91. Kb3 Kd4 92. Bg8 Ne8
93. Be6 Nf6 94. Bf7 Ke5 95. Kc3 Ne4+ 96. Kd3 Nd6 97. Bb3 Nf5 98. Bf7 Ne7
99. Kc3 Nd5+ 100. Kb3 Kd6 101. Be8 Nf6 102. Bf7 Ng4 103. Kc3 Ne5 1/2-1/2

[Event "Open"]
[Site "Pula CRO"]
[Date "2009.06.30"]
[Round "5"]
[White "Saric,Iv"]
[Black "Medancic,R"]
[Result "1-0"]
[WhiteElo "2576"]
[BlackElo "2238"]
[EventDate "2009.06.27"]

1. e4 e5 2. Nf3 Nc6 3. Bc4 Bc5 4. c3 Nf6 5. d3 d6 6. O-O O-O 7. h3 a6 8.
Bb3 Ba7 9. Re1 Ne7 10. Nbd2 c6 11. Nf1 Kh8 12. Ng3 Ng6 13. d4 Be6 14. Bc2
h6 15. Be3 Ng8 16. Nf5 Bb8 17. Qd2 Bc7 18. Rad1 Qf6 19. Nh2 N6e7 20. g4
Rad8 21. f4 Bxf5 22. exf5 exf4 23. Bxf4 Qh4 24. Qg2 Nd5 25. Bg3 Qf6 26. c4
Nb6 27. Nf3 g5 28. fxg6 Rde8 29. Rf1 Nxc4 30. Ne5 Ne3 31. Rxf6 Nxg2 32.
Rxf7 1-0

[Event "Open"]
[Site "Pula CRO"]
[Date "2009.06.30"]
[Round "5"]
[White "Leitner,G"]
[Black "Zelcic,R"]
[Result "0-1"]
[WhiteElo "2241"]
[BlackElo "2555"]
[EventDate "2009.06.27"]

1. d4 Nf6 2. c4 e6 3. Nc3 Bb4 4. Bg5 c5 5. d5 d6 6. e3 exd5 7. cxd5 Nbd7 8.
Bd3 Qa5 9. Nge2 Nxd5 10. O-O Bxc3 11. bxc3 h6 12. Bh4 Nxc3 13. Nxc3 Qxc3
14. Rc1 Qe5 15. f4 Qd5 16. Kh1 Qc6 17. e4 Nb6 18. Qh5 c4 19. e5 Qd5 20. Bc2
O-O 21. Be7 Re8 22. Bxd6 Bd7 23. Rcd1 Qa5 24. a3 Ba4 25. Bxa4 Qxa4 26. f5
c3 27. f6 Re6 28. fxg7 Qe8 29. Rf6 c2 30. Rdf1 Rxf6 31. exf6 Qe3 32. Bf4
Qxf4 0-1

[Event "Open"]
[Site "Pula CRO"]
[Date "2009.06.30"]
[Round "5"]
[White "Jankovic,A"]
[Black "Pandurevic,M"]
[Result "1-0"]
[WhiteElo "2540"]
[BlackElo "2226"]
[EventDate "2009.06.27"]

1. d4 Nf6 2. c4 d6 3. Nc3 Bf5 4. g3 e5 5. Nf3 Nc6 6. d5 Nb8 7. Bg2 a5 8.
O-O Ne4 9. Nxe4 Bxe4 10. Qb3 b6 11. c5 Nd7 12. cxb6 Nxb6 13. Nxe5 Bxg2 14.
Qb5+ Nd7 15. Nc6 Bxf1 16. Nxd8 Bxe2 17. Qxe2+ Kxd8 18. Bg5+ f6 19. Re1 Ne5
20. Bd2 Be7 21. f4 Ng6 22. h4 Re8 23. Qb5 Nf8 24. Bxa5 Nd7 25. Bxc7+ 1-0

[Event "Open"]
[Site "Pula CRO"]
[Date "2009.06.30"]
[Round "5"]
[White "Drazic,S"]
[Black "Sargac,R"]
[Result "1-0"]
[WhiteElo "2533"]
[BlackElo "2209"]
[EventDate "2009.06.27"]

1. e4 e6 2. d4 d5 3. Nc3 f5 4. exd5 exd5 5. Nf3 Nf6 6. Bd3 Be7 7. O-O O-O
8. Ne2 Nc6 9. a3 Ne4 10. c4 Bf6 11. cxd5 Qxd5 12. Qc2 Kh8 13. Bf4 Be6 14.
Nc3 Nxc3 15. bxc3 Na5 16. Rae1 Bg8 17. Bxf5 c6 18. Ne5 Rad8 19. Re3 Nc4 20.
Ng6+ hxg6 21. Rh3+ Bh7 22. Bxg6 Bxd4 23. Bxh7 Bxf2+ 24. Qxf2 1-0